| 000 | 00667nam a22002297a 4500 | ||
|---|---|---|---|
| 003 | DO-SdBPM | ||
| 005 | 20250109083937.0 | ||
| 008 | 160622b2010 mx 00| 0 spa d | ||
| 020 | _a9786071106780 | ||
| 040 |
_aDO-SdBPM _bspa _cBPMSU |
||
| 082 | 4 |
_aCo863.6 _bR436m 2010 _222 |
|
| 100 | 1 |
_aRestrepo, Laura _e1950- |
|
| 245 | 1 | 3 |
_aLa multitud errante / _cLaura Restrepo |
| 260 |
_aMéxico : _bAlfagura, _c2010 |
||
| 300 |
_a109 p. ; _c25 cm |
||
| 590 | _aInventariado, 2025/VM | ||
| 650 | 4 | _aNovela colombiana | |
| 650 | 4 |
_aDesplazados por la violencia _vNovela. |
|
| 650 | 4 | _aLiteratura colombiana | |
| 910 | _aVMateo V. Control de calidad. BPMSU | ||
| 942 |
_2ddc _cBK |
||
| 999 |
_c10492 _d10492 |
||